00555nam a2200181Ia 4500003000900000008004100009020001800050040001600068080001600084100002000100245008900120260004700209300001600256650004100272650001900313650002000332700002100352IN-BaIIA211028s9999 xx 000 0 eng d a0-226-02787-2 cIIA Library a524-48bDAV aArnet, David W. 0aNucleosynthesis: challenges and new developmentscDavid W. Arnet And James W. Truran aChicagobUniversity of Chicago Pressc1985 aviii, 308p. aAstronomy and Astrophysics Thesaurus aNuclear Fusion aNucleosynthesis aTruran, James W.